Conflictos de interés del socio: cese del administrador nombrado por accionista competidor
Salvato in:
| Autore principale: | |
|---|---|
| Natura: | Libro |
| Lingua: | spagnolo |
| Pubblicazione: |
Madrid
Marcial Pons S. A
2013
|
| Edizione: | 1a. ed |
| Serie: | Colección Persona Jurídica
|
| Soggetti: | |
| Tags: |
Aggiungi Tag
Nessun Tag, puoi essere il primo ad aggiungerne!!
|
MARC
| LEADER | 00000cam a2200000 a 4500 | ||
|---|---|---|---|
| 001 | UCE5074 | ||
| 003 | CL-VaPUC | ||
| 008 | 141204e20130000sp |||||||||||||||||spa|d | ||
| 020 | |a 9788415664826 | ||
| 082 | 0 | 4 | |a 346.031 |b IRA |2 21 |
| 100 | 0 | |a Iraculis Arregui, Nerea |e author |9 577577 | |
| 245 | 1 | 0 | |a Conflictos de interés del socio: cese del administrador nombrado por accionista competidor |
| 250 | |a 1a. ed | ||
| 300 | |a 199 p | ||
| 942 | |c BK | ||
| 945 | |d 20141204 15:21:00 |a dcastane | ||
| 260 | |a Madrid |b Marcial Pons S. A |c 2013 | ||
| 650 | 0 | |a Sociedades anónimas |9 255387 | |
| 650 | 7 | |a RESPONSABILIDAD CIVIL |2 CL-VaPUC |9 577578 | |
| 650 | 0 | |a Conflicto de interés |9 577579 | |
| 650 | 0 | |a Recurso de casación |9 258890 | |
| 583 | |a last modification |c 20141204 15:21:00 |k Rodrigo Vera | ||
| 490 | 0 | |a Colección Persona Jurídica | |
| 999 | |c 357897 |d 357895 | ||
| 952 | |0 0 |1 0 |3 erb |4 0 |6 346_031000000000000_IRA_2013 |7 0 |8 A |9 466038 |a BIBDER |b BIBDER |i 5126738 |l 1 |o 346.031 IRA 2013 |p 5126738 |r 2023-01-25 |s 2021-05-20 |w 2019-11-23 |y BK |z Catalogado en:20141204 |k DER | ||